000 00976nam a2200313 4500
001 430476
003 DO-SdBNP
005 20231101130452.0
007 430476
008 000120s1999 sp | ||| ||spa
020 _a8481301574
040 _aBPMSU
_bspa
_cBPSMU
100 1 _aPla, Josep
_d1897-1981
240 1 3 _aEl quadern gris
_lEspañol
245 1 3 _aEl cuaderno gris /
_cJosep Pla ; traducción de Dionisio Ridruejo y Gloria de Ros ; prólogo de Carmen Rigalt
260 _aMadrid :
_bMilenium,
_c1999
300 _a575 p.
_c21 cm
490 0 _aMillenium ;
_aLas 100 joyas del milenio,
_v40
534 _aTítulo original :
_tEl quadern gris.
590 _aInventariado, 2023/VM
600 1 4 _aPla, Josep,
_d1897-1981.
650 4 _aDiarios
650 4 _aViajes alrededor del mundo
650 4 _aAnécdotas
700 1 _aCarmen Rigalt
_epról.
700 1 _aRos, Gloria de,
_etr.
910 _aVMateo V. Control de calidad. BPMSU
942 _2ddc
_cBK
999 _c8562
_d8562